00330nam a2200121Ia 4500008004100000020001500041041001200056100001700068245007200085260003300157300000800190650001000198221030s9999 xx 000 0 und d a8126524242 aEnglish aR. L. Droste 0aTheory & Practice of Water & Waste Water Treatmentcby R. L. Droste bWilley Pub.aNew Delhic2014 a800 aCivil